Most Common Words In English Starting With P - Statistics

General Stats
  • This quiz has been taken 7,090 times
  • The average score is 92 of 249
Answer Stats
Word % Correct
per
92%
pan
90%
part
90%
past
86%
pass
83%
pack
82%
pain
82%
plan
82%
pay
81%
put
79%
pull
78%
post
77%
pot
77%
play
76%
please
75%
port
75%
pick
74%
push
74%
pet
72%
person
69%
pace
68%
page
66%
plane
66%
party
65%
place
65%
poor
65%
pop
65%
pale
64%
paint
63%
park
63%
people
63%
pie
63%
power
63%
pair
62%
pray
62%
press
62%
price
62%
present
61%
pride
60%
prove
59%
plant
58%
pant
57%
poll
56%
prime
55%
perfect
54%
paper
53%
pool
53%
pour
53%
proud
53%
peace
52%
pink
52%
pole
52%
police
52%
pine
51%
product
51%
personal
50%
pretty
50%
print
50%
proof
50%
proper
50%
package
48%
phone
48%
pose
48%
painter
47%
picture
47%
public
47%
plate
46%
point
46%
possible
46%
prefer
46%
produce
46%
profession
46%
pile
45%
player
45%
prepare
45%
progress
45%
pretend
44%
production
44%
professor
44%
protect
44%
painting
43%
path
43%
photo
43%
pound
43%
promise
43%
painful
42%
partner
42%
payment
42%
pressure
42%
private
42%
probably
42%
professional
42%
provide
42%
pure
42%
piece
41%
planet
41%
pleasure
41%
position
41%
practice
41%
process
41%
program
41%
palm
39%
parent
39%
passion
39%
plot
39%
president
38%
problem
38%
perform
37%
plus
37%
powerful
37%
property
37%
propose
37%
protection
37%
parking
36%
peer
36%
photograph
36%
politics
36%
promote
36%
particular
35%
permanent
35%
political
35%
positive
35%
preparation
35%
personality
34%
passage
33%
prayer
33%
prevent
33%
properly
33%
peak
32%
performance
32%
pocket
32%
politician
32%
popular
32%
plastic
31%
policy
31%
practical
31%
priest
31%
possibility
30%
participate
29%
patch
29%
pattern
29%
pipe
29%
portion
29%
previous
29%
particularly
28%
possess
28%
presentation
28%
producer
28%
project
28%
proposal
28%
partly
27%
period
27%
personally
27%
phase
27%
planning
27%
pregnant
27%
primary
27%
principal
27%
protest
27%
poet
26%
predict
26%
principle
26%
patient
25%
perfectly
25%
poem
25%
population
25%
prior
25%
purpose
25%
pause
24%
permission
24%
permit
24%
physical
24%
poverty
24%
profit
24%
publish
24%
participation
23%
pepper
23%
photographer
23%
possibly
23%
prison
23%
privacy
23%
proceed
23%
percentage
22%
plenty
22%
potato
22%
preference
22%
partnership
21%
passenger
21%
perhaps
21%
pitch
21%
poetry
21%
procedure
21%
provision
21%
publication
21%
punishment
21%
presence
20%
previously
20%
purchase
20%
panel
19%
potential
19%
powder
19%
presidential
19%
prompt
19%
psychology
19%
pregnancy
18%
profile
18%
protein
18%
participant
17%
piano
17%
priority
17%
prospect
17%
phrase
16%
politically
16%
pollution
16%
provider
16%
pursue
16%
pilot
15%
preserve
15%
prisoner
15%
publicly
15%
perceive
14%
philosophy
14%
province
14%
publisher
14%
physically
13%
physician
13%
persuade
12%
porch
12%
portrait
12%
potentially
12%
prominent
12%
psychological
12%
psychologist
12%
PC
11%
perception
11%
personnel
11%
phenomenon
11%
proportion
11%
penalty
10%
precisely
10%
proposed
10%
primarily
9%
perspective
8%
PM
8%
portray
8%
platform
7%
prescription
6%
Palestinian
5%
prosecutor
5%
No matching quizzes found
Score Distribution
Percent of People with Each Score
Percentile by Number Answered
Your Score History
You have not taken this quiz